كبش المحرقة : (رقم التسجيلة. 110907)

تفاصيل مارك
000 -الفاتح
عناصر البيانات ثابتة الطول 00688cam a2200181 i 4500
005 - تاريخ ووقت آخر معاملة
حقل ضبط 20260115120920.0
008 - عناصر البيانات ثابتة الطول
عناصر البيانات ثابتة الطول 250721s2007 sy gr 000 0 ara d
082 14 - رقم تصنيف ديوي العشري
رقم التصنيف 320.540956
رقم المادة ر ب ي
100 1# - مدخل رئيسي – اسم شخصي
الاسم الشخصي الربيعي، فاضل
علاقة الشخص بالعمل/ دوره مؤلف.
245 10 - بيان العنوان
العنوان كبش المحرقة :
بقية العنوان نموذج لمجتمع القوميين العرب /
بيان المسؤولية فاضل الربيعي.
250 ## - بيان الطبعة
بيان الطبعة الطبعة الثانية.
264 31 - بيانات النشر، التوزيع…إلخ
مكان النشر، التوزيع...إلخ دمشق :
اسم الناشر، الموزع...إلخ دار الفرقد للطباعة و النشر و التوزيع،
تاريخ النشر، التوزيع...إلخ 2007.
300 ## - الوصف المادي
عدد الوحدات المكونة للوعاء 320 صفحة.
650 17 - مدخل إضافي بالموضوع - مصطلح موضوعي
مصطلح موضوعي أو اسم جغرافي كعنصر مدخل القوميه العربيه.
650 17 - مدخل إضافي بالموضوع - مصطلح موضوعي
مصطلح موضوعي أو اسم جغرافي كعنصر مدخل الادله العربيه.
942 ## - بيانات إضافية (كوها)
نوع التنصيف Dewey Decimal Classification
نوع المادة (كوها) كتب
المقتنيات
حالة السحب حالة الفقدان مصدر التصنيف حالة التلف غير قابل للإعارة المكتبة الرئيسية المكتبة الحالية موقع الرف تاريخ التزويد الرقم المتسلسل Total Checkouts رقم الإستدعاء الباركود تاريخ آخر ظهور تاريخ الفاتورة نوع المادة (كوها)
    Dewey Decimal Classification   Not For Loan المكتبة المركزية المكتبة المركزية مقتنيات قسم التزويد 28/07/2025 1161503   320.540956/ربي 1161503 28/07/2025 28/07/2025 كتب
    Dewey Decimal Classification     المكتبة المركزية المكتبة المركزية الإعارة 04/01/2011 1453962   320.540956/ربي PLD00177466 28/07/2025 04/01/2011 كتب
    Dewey Decimal Classification     المكتبة المركزية المكتبة المركزية الإعارة 15/11/2015 1616026   320.540956 / ر ب ي PLD00364628 28/07/2025 15/11/2015 كتب
    Dewey Decimal Classification     مكتبة الأميرة ايمان العامة مكتبة الأميرة ايمان العامة الإعارة 28/07/2025 1161504   320.540956/ربي 1161504 28/07/2025 28/07/2025 كتب
    Dewey Decimal Classification     مكتبة البراعم الواعدة مكتبة البراعم الواعدة الإعارة 17/06/2015 1474393   320.540956/ربي PLD00332102 28/07/2025 17/06/2015 كتب
    Dewey Decimal Classification     مكتبة صويلح العامة مكتبة صويلح العامة الإعارة 28/07/2025 1161505   320.540956/ربي 1161505 28/07/2025 28/07/2025 كتب
    Dewey Decimal Classification     مكتبة مرج الحمام مكتبة مرج الحمام الإعارة 28/07/2025 1161510   320.540956/ربي 1161510 28/07/2025 28/07/2025 كتب
Implemented & Customized by: BBB with SCIT (Smart Chains for Information Technology)

Powered by Koha